4 Countries in Relation to Cities - Statistics

General Stats
  • This quiz has been taken 5,450 times
  • The average score is 18 of 24
Answer Stats
Hint Direction Answer % Correct
London S France
96%
Seoul N North Korea
92%
Vienna W Germany
91%
Seoul W China
90%
Seoul E Japan
90%
Vienna N Czech Republic
84%
London E Netherlands
84%
London W Canada
83%
Vienna E Slovakia
81%
Vienna S Hungary
80%
Kingston N Cuba
78%
Mecca E Oman
78%
Seoul S Indonesia
74%
Mecca N Iraq
74%
Colombo N India
72%
London N Russia
72%
Colombo S Mexico
66%
Mecca W Sudan
64%
Colombo W Somalia
62%
Kingston S Colombia
61%
Kingston E Belize
60%
Mecca S Eritrea
59%
Colombo E Thailand
59%
Kingston W Dominican Republic
53%
No matching quizzes found
Score Distribution
Percent of People with Each Score
Percentile by Number Answered
Your Score History
You have not taken this quiz